000
00252nam a2200097Ia 4500
001
709517
005
20250826162548.0
008
250824s9999 xx 000 0 und d
245
0
_a
YATAĞIN ALTINDAKİ HARFLER
_c
AYTÜL AKAL
260
_b
UÇANBALIK YAYINLARI
999
_c
709517
_d
709517